000 00356nam a2200145Ia 4500
003 OSt
005 20240202130321.0
008 170523s9999 xx 000 0 und d
020 _a9788021555938
040 _ciimt university meerut
100 _aBATLIBOI- J R
245 0 _aDOUBLE ENTRY BOOK KEEPING
260 _bSTANDARD ACC PUBLICATION
942 _2ddc
_c02
999 _c229
_d229